| 000 | 00624nam a2200217Ia 4500 | ||
|---|---|---|---|
| 005 | 20250508163835.0 | ||
| 008 | 008 250505s9999 xx 000 0 eng d | ||
| 020 | _a0-304-70544-6 | ||
| 037 | _aReference | ||
| 040 |
_aFEDL _beng _cFEDL |
||
| 041 |
_aeng _2eng |
||
| 084 |
_a616.8521, SCO _qFEDL |
||
| 100 |
_aScott Michael J. Ed. _9776511 |
||
| 245 | 0 | _aTrauma and post-traumatic stress disorder | |
| 260 |
_aLondon, UK _bCassell _c2000 |
||
| 300 | _axvi,152p. | ||
| 490 | _aStress counselling | ||
| 700 |
_a Palmer Stephen Ed. _9776512 |
||
| 942 |
_cREF _h616.8521, SCO |
||
| 999 |
_c1385544 _d1385544 |
||